Logo BPK

Biblioteka

Politechniki Koszalińskiej

Effective English for business communication / (Rekord nr 41283)

Szczegóły MARC
000 -ETYKIETA REKORDU
podpole kontrolne o stałej długości 00696nam a2200241 i 4500
001 - NUMER KONTROLNY REKORDU
pole kontrolne bgj
020 ## - MIĘDZYNARODOWY ZNORMALIZOWANY NUMER KSIĄŻKI - ISBN
ISBN hbk
040 ## - ŹRÓDŁO KATALOGOWANIA
Instytucja, która utworzyła rekord BPK
041 0# - KOD JĘZYKA
Kod języka tekstu eng
008 - POLE O STAŁEJ DŁUGOŚCI - DANE KONTROLNE
podpole kontrolne o stałej długości s uk f |000 0 eng
100 1# - NAZWA OSOBOWA
Nazwa osobowa AURNER, Robert R.
245 10 - TYTUŁ/ODPOWIEDZIALNOŚĆ
Tytuł Effective English for business communication /
Pozostałe elementy strefy tytułu i oznaczenia odpowiedzialności Robert R. Aurner, Paul S. Burtness.
250 ## - STREFA WYDANIA
Oznaczenie wydania 6th ed.
260 ## - STREFA ADRESU WYDAWNICZEGO
Miejsce wydania Cincinati, OH :
Nazwa wydawcy/dystrybutora South-Western Publ.,
Data publikacji, dystrybucji/powstania dokumentu c. 1970.
300 ## - STREFA OPISU FIZYCZNEGO
Objętość VIII, 680 pp :
Inne cechy fizyczne ill. ;
Rozmiary 24 cm.
505 ## - SFORMALIZOWANA UWAGA DOTYCZĄCA ZAWARTOŚCI
Pełny tekst uwagi Includes index.
650 #9 - HASŁO PRZEDMIOTOWE W FORMIE NAZWY OGÓLNEJ LUB JEDNOSTKOWEJ
Nazwa ogólna lub geograficzna English language
Określnik ogólny Business English
650 #9 - HASŁO PRZEDMIOTOWE W FORMIE NAZWY OGÓLNEJ LUB JEDNOSTKOWEJ
Nazwa ogólna lub geograficzna Business communication
650 #9 - HASŁO PRZEDMIOTOWE W FORMIE NAZWY OGÓLNEJ LUB JEDNOSTKOWEJ
Nazwa ogólna lub geograficzna English language
Określnik ogólny Writing
655 ## - TERMIN INDEKSOWY - OKREŚLENIE RODZAJU/FORMY DOKUMENTU
Określenie rodzaju/formy dokumentu Textbooks
700 1# - HASŁO DODATKOWE - NAZWA OSOBOWA
Nazwa osobowa BURTNESS, Paul S.
856 ## - LOKALIZACJA I DOSTĘP DO ELEKTRONICZNYCH DOKUMENTÓW ZDALNYCH
Link (URL) http://koha.tu.koszalin.pl/cgi-bin/koha/opac-detail.pl?biblionumber=41283
Tekst linku Katalog online BPK
942 ## - DODATKOWE ELEMENTY (KOHA)
Typ dokumentu Książka
Egzemplarze
Wycofany Status egzemplarza Uszkodzony Dostępność Lokalizacja stała Lokalizacja bieżąca Miejsce przechowywania Sygnatura Kod kreskowy Typ dokumentu Ostatnio wypożyczono Numer ubytku
      Dostępny Biblioteka Politechniki Koszalińskiej Biblioteka Politechniki Koszalińskiej Wypożyczalnia Językowa KA 1502 09036215 Książka    
      Dostępny Biblioteka Politechniki Koszalińskiej Biblioteka Politechniki Koszalińskiej Wypożyczalnia Językowa KA 1503 09036222 Książka    
      Dostępny Biblioteka Politechniki Koszalińskiej Biblioteka Politechniki Koszalińskiej Wypożyczalnia Językowa KA 1504 09036208 Książka    
      Dostępny Biblioteka Politechniki Koszalińskiej Biblioteka Politechniki Koszalińskiej Wypożyczalnia Językowa KA 1505 09059221 Książka 05.11.2013  
  Egz. niedostępny   Niedostępny Biblioteka Politechniki Koszalińskiej Biblioteka Politechniki Koszalińskiej   KA 1506 09059191 Książka   p.ew.
  Egz. niedostępny   Niedostępny Biblioteka Politechniki Koszalińskiej Biblioteka Politechniki Koszalińskiej   KA 1507 09059238 Książka   p.ew.
  Egz. niedostępny   Niedostępny Biblioteka Politechniki Koszalińskiej Biblioteka Politechniki Koszalińskiej   KA 1508 09059184 Książka   p.ew.
  Egz. niedostępny   Niedostępny Biblioteka Politechniki Koszalińskiej Biblioteka Politechniki Koszalińskiej   KA 1509 09059207 Książka   p.ew.
  Egz. niedostępny   Niedostępny Biblioteka Politechniki Koszalińskiej Biblioteka Politechniki Koszalińskiej   KA 1510 09059245 Książka   p.ew.
  Egz. niedostępny   Niedostępny Biblioteka Politechniki Koszalińskiej Biblioteka Politechniki Koszalińskiej   KA 1511 09059214 Książka   p.ew.
© 2023 Biblioteka Politechniki Koszalińskiej :: KOHA